Normal view
MARC view
Entry Término temático
001 - NÚMERO DE CONTROL
- campo de control: 175614
003 - IDENTIFICADOR DEL NÚMERO DE CONTROL
- campo de control: OSt
005 - FECHA Y HORA DE LA ÚLTIMA TRANSACCIÓN
- campo de control: 20220329144230.0
008 - DATOS DE LONGITUD FIJA
- campo de control de longitud fija: 220329|| aca||aabn | a|a d
040 ## - FUENTE DE LA CATALOGACIÓN
- Centro catalogador/agencia de origen: OSt
- Centro/agencia transcriptor: OSt
150 ## - ENCABEZAMIENTO--TÉRMINO DE MATERIA
- Término de materia o nombre geográfico como elemento de entrada: Stenocereus
- Subdivisión general: Empaque
670 ## - FUENTE DE DATOS ENCONTRADOS
- Cita de la fuente: Work cat.: (OSt)108278: Mora Cruz, Laura Margarita 129783, Estudio de factibilidad técnico económico para la instalación de una empacadora y procesadora de pitahaya (Hylocereus undatus) y pitaya (Stenocereus pruinosus) en la región de Tehuacán, Puebla, 2015.
